Evanjelická postila : zbierka kázní na slobodne volené texty na všetky nedele a sviatky cirkevného roku /

Korporativní autor: Tranoscius (spolek)
Další autoři: Michalko, Ján, 1912-1990
Jazyk: Slovenština
Vydáno: Bratislava : Cirkevné nakladateľstvo, 1980
Fyzický popis: 250 s.
Knihy
Uloženo v:
LEADER 00794nam a22002292a 4500
001 001149753
003 CZ BrMZK
005 20110518143142.0
007 ta
008 110518s1980 xo er|||||||||||slo d
040 |a BOA001  |b cze 
080 9 |a 252:284 
245 0 0 |a Evanjelická postila :  |b zbierka kázní na slobodne volené texty na všetky nedele a sviatky cirkevného roku /  |c zostavil Ján Michalko 
260 |a Bratislava :  |b Cirkevné nakladateľstvo,  |c 1980 
300 |a 250 s. 
550 |a Vydavatel: Tranoscius 
700 1 |a Michalko, Ján,  |d 1912-1990  |7 jx20040726051  |4 com 
710 2 |a Tranoscius (spolek)  |7 kn20060719036 
910 |a BOA001  |b 2-0838.083 
990 |a BK 
991 |b 201105 
996 7 |b 2619394249  |c 2-0838.083  |l MZK  |r Sklad / do 1 hodiny  |n 1  |w 001182574  |u 000010  |a 1  |e BOA001  |j MZK50  |s A